[Event "POL-chT 1st League"]
[Site "Jastrzebia Gora"]
[Date "2015.09.06"]
[Round "2.3"]
[White "Sarwinski, Miroslaw"]
[Black "Urban, Klaudiusz"]
[Result "0-1"]
[WhiteElo "2301"]
[BlackElo "2419"]
[PlyCount "96"]
[EventDate "2015.09.05"]
[EventType "team-tourn"]
[EventRounds "9"]
[EventCountry "POL"]
[SourceTitle "EXT 2016"]
[Source "ChessBase"]
[SourceDate "2015.10.08"]
[SourceVersion "1"]
[SourceVersionDate "2015.10.08"]
[SourceQuality "1"]
[WhiteTeam "Dabrowa Gornicza Zaglebie"]
[BlackTeam "Gliwice Akademia Szachowa"]
[WhiteTeamCountry "POL"]
[BlackTeamCountry "POL"]

1. d4 Nf6 2. c4 c5 3. d5 e6 4. Nc3 exd5 5. cxd5 d6 6. e4 g6 7. Nf3 a6 8. a4 Bg4 9. Be2 Bxf3 10. Bxf3 Bg7 11. 0-0 0-0 12. Re1 Nbd7 13. Bf4 Qe7 14. a5 Rfe8 15. h3 Rac8 16. Ra3 Ne5 17. Be2 Qd8 18. Qd2 h5 19. Bg5 Ned7 20. g4 hxg4 21. hxg4 Qc7 22. f3 c4 23. Ra4 Ne5 24. Be3 Nfd7 25. Kg2 Nc5 26. Bxc5 Qxc5 27. f4 Nd7 28. Bf3 g5 29. e5 dxe5 30. fxg5 Qd4 31. Qc1 Nc5 32. Ne2 Qd3 33. Rd1 Nxa4 34. Rxd3 cxd3 35. Qd2 dxe2 36. Be4 Nc5 37. Bf5 Rcd8 38. g6 fxg6 39. Bxg6 Rf8 40. Qxe2 Rxd5 41. Qc4 Rfd8 42. b4 Ne6 43. Be4 R5d6 44. Bxb7 Kf7 45. Bxa6 Kf6 46. Kg3 Bh6 47. g5+ Bxg5 48. Qg4 Rxa6 0-1

[Event "POL-chT 2nd League"]
[Site "Szczyrk"]
[Date "2014.09.11"]
[Round "6.26"]
[White "Mroziak, Maciej"]
[Black "Sarwinski, Miroslaw"]
[Result "1/2-1/2"]
[WhiteElo "2322"]
[BlackElo "2313"]
[PlyCount "82"]
[EventDate "2014.09.06"]
[EventType "team-swiss"]
[EventRounds "9"]
[EventCountry "POL"]
[SourceTitle "EXT 2015"]
[Source "ChessBase"]
[SourceDate "2014.11.20"]
[SourceVersion "1"]
[SourceVersionDate "2014.11.20"]
[SourceQuality "1"]
[WhiteTeam "Gliwice Politechnika Slaska"]
[BlackTeam "Dabrowa Gornicza Zaglebie"]
[WhiteTeamCountry "POL"]
[BlackTeamCountry "POL"]

1. e4 e5 2. Nf3 Nc6 3. d4 exd4 4. Nxd4 Bc5 5. Nb3 Bb4+ 6. c3 Be7 7. f4 d6 8. Bd3 Nf6 9. 0-0 0-0 10. N1d2 Re8 11. h3 Bf8 12. Re1 g6 13. Nf3 Bg7 14. Nbd4 Nd7 15. Be3 Nf6 16. Qc2 Qe7 17. Bf2 Nh5 18. Nxc6 bxc6 19. f5 a5 20. Rad1 Ba6 21. Bxa6 Rxa6 22. Qd3 Raa8 23. Qc4 Qd7 24. fxg6 hxg6 25. e5 Bh6 26. Qg4 Qxg4 27. hxg4 Nf4 28. exd6 cxd6 29. Rxd6 Rxe1+ 30. Nxe1 Rb8 31. b3 Ne2+ 32. Kf1 Nxc3 33. Rxc6 Nxa2 34. Bd4 Bg7 35. Nf3 Bxd4 36. Nxd4 Rb4 37. Rc2 Rxd4 38. Rxa2 Rxg4 39. Rxa5 Rb4 40. Ra3 Kg7 41. Ke2 Rg4 1/2-1/2

[Event "POL-chT 2nd League"]
[Site "Szczyrk"]
[Date "2014.09.10"]
[Round "5.44"]
[White "Sarwinski, Miroslaw"]
[Black "Bus, Konrad"]
[Result "1-0"]
[WhiteElo "2313"]
[BlackElo "2016"]
[PlyCount "73"]
[EventDate "2014.09.06"]
[EventType "team-swiss"]
[EventRounds "9"]
[EventCountry "POL"]
[SourceTitle "EXT 2015"]
[Source "ChessBase"]
[SourceDate "2014.11.20"]
[SourceVersion "1"]
[SourceVersionDate "2014.11.20"]
[SourceQuality "1"]
[WhiteTeam "Dabrowa Gornicza Zaglebie"]
[BlackTeam "Wieliczka MKS MOS"]
[WhiteTeamCountry "POL"]
[BlackTeamCountry "POL"]

1. c4 c6 2. Nf3 d5 3. b3 Bg4 4. Ne5 Bf5 5. d4 Nf6 6. e3 e6 7. a3 Nbd7 8. Nd3 Bd6 9. Bb2 0-0 10. Nd2 Qe7 11. Nf3 c5 12. Be2 Rac8 13. Nfe5 cxd4 14. exd4 dxc4 15. Nxc4 Nd5 16. 0-0 N7f6 17. Re1 Rfd8 18. Bf3 Bb8 19. Rc1 Bxd3 20. Qxd3 Bf4 21. Rcd1 Bh6 22. g3 Qc7 23. Re2 Ne7 24. Ne3 Nc6 25. Qb1 Qb6 26. d5 Nxd5 27. Nxd5 exd5 28. Bxd5 Qc7 29. Qf5 Re8 30. Rde1 Rxe2 31. Rxe2 Rd8 32. Be4 Ne7 33. Qxh7+ Kf8 34. Qh8+ Ng8 35. Bh7 Rd1+ 36. Kg2 Qc6+ 37. f3 1-0

[Event "POL-chT 2nd League"]
[Site "Szczyrk"]
[Date "2014.09.08"]
[Round "3.86"]
[White "Sarwinski, Miroslaw"]
[Black "Rozycki, Bartlomiej"]
[Result "1-0"]
[WhiteElo "2313"]
[BlackElo "2055"]
[PlyCount "101"]
[EventDate "2014.09.06"]
[EventType "team-swiss"]
[EventRounds "9"]
[EventCountry "POL"]
[SourceTitle "EXT 2015"]
[Source "ChessBase"]
[SourceDate "2014.11.20"]
[SourceVersion "1"]
[SourceVersionDate "2014.11.20"]
[SourceQuality "1"]
[WhiteTeam "Dabrowa Gornicza Zaglebie"]
[BlackTeam "Chylice KS Laura"]
[WhiteTeamCountry "POL"]
[BlackTeamCountry "POL"]

1. d4 Nf6 2. Nf3 e6 3. c4 b6 4. g3 Bb7 5. Bg2 c5 6. 0-0 cxd4 7. Nxd4 Bxg2 8. Kxg2 Qc7 9. Qa4 Bc5 10. Nf3 Qc6 11. Qc2 0-0 12. Nc3 d5 13. cxd5 Nxd5 14. Nxd5 Qxd5 15. Rd1 Qb7 16. Bd2 Nc6 17. Qe4 Nd8 18. Qg4 Rc8 19. Rac1 f5 20. Qc4 Nf7 21. Qxe6 Rce8 22. Qc4 Re4 23. Qd3 Rfe8 24. Qb3 Qa8 25. e3 R4e6 26. Bc3 f4 27. exf4 Bxf2 28. Be5 Nxe5 29. fxe5 Bc5 30. Qd5 Qxd5 31. Rxd5 h6 32. Rc4 g5 33. b4 Bf8 34. b5 Bc5 35. h4 gxh4 36. Rxh4 Ra8 37. Ra4 Re7 38. Nh4 Rae8 39. Rg4+ Kh7 40. Nf3 a6 41. bxa6 Ra8 42. Nh4 Rxa6 43. a4 Ra8 44. Nf5 Rea7 45. e6 Rxa4 46. Rd7+ Kh8 47. Rgg7 Bd4 48. Nxd4 Rxd4 49. Rh7+ Kg8 50. Rdg7+ Kf8 51. e7+ 1-0

[Event "Milanowek-chA 14th"]
[Site "Milanowek"]
[Date "2008.06.23"]
[Round "3.3"]
[White "Sarwinski, Miroslaw"]
[Black "Moskwinski, Tadeusz"]
[Result "0-1"]
[WhiteElo "2321"]
[BlackElo "2172"]
[PlyCount "100"]
[EventDate "2008.06.21"]
[EventType "swiss"]
[EventRounds "7"]
[EventCountry "POL"]
[SourceTitle "EXT 2023"]
[Source "ChessBase"]
[SourceDate "2022.10.05"]
[SourceVersion "1"]
[SourceVersionDate "2022.10.05"]
[SourceQuality "1"]

1. d4 f5 2. g3 Nf6 3. Bg2 e6 4. Nf3 d5 5. 0-0 Bd6 6. c4 c6 7. Bf4 Bxf4 8. gxf4 0-0 9. Nbd2 Qe7 10. Qc2 Bd7 11. Rac1 Ne4 12. Qd3 Be8 13. Qe3 Nd7 14. cxd5 exd5 15. Ng5 Qd6 16. Ndf3 Bh5 17. Nh3 Bxf3 18. Bxf3 Rae8 19. Qd3 Rf6 20. Bg2 Rh6 21. f3 Nef6 22. Qxf5 Rxe2 23. Rfe1 g6 24. Qd3 Rxb2 25. Qe3 Rh4 26. Rb1 Rxb1 27. Rxb1 b6 28. Re1 c5 29. f5 cxd4 30. Qd2 Ne5 31. f4 Nc4 32. Qf2 Rg4 33. Qxd4 Qc5 34. Qxc5 bxc5 35. Re6 Ne4 36. Nf2 Nxf2 37. Kxf2 Rxf4+ 38. Kg3 Rxf5 39. Re7 a5 40. h4 d4 41. Bh3 Ne3 42. Rc7 Re5 43. Kf4 Nc4 44. Rd7 Re3 45. Bg2 Ne5 46. Bd5+ Kh8 47. Rc7 Nd3+ 48. Kg4 Nf2+ 49. Kf4 Nh3+ 50. Kg4 h5# 0-1

[Event "Najdorf Memorial op-A"]
[Site "Grodzisk Mazowiecki"]
[Date "2007.07.25"]
[Round "6"]
[White "Sarwinski, Miroslaw"]
[Black "Krysztofiak, Marcin"]
[Result "1/2-1/2"]
[WhiteElo "2313"]
[BlackElo "2414"]
[PlyCount "63"]
[EventDate "2007.07.20"]
[EventType "swiss"]
[EventRounds "9"]
[EventCountry "POL"]
[SourceTitle "CBM 119 Extra"]
[Source "ChessBase"]
[SourceDate "2007.09.04"]
[SourceVersion "1"]
[SourceVersionDate "2007.09.04"]
[SourceQuality "1"]

1. d4 d5 2. c4 c6 3. Nf3 Nf6 4. Nc3 e6 5. e3 Nbd7 6. Qc2 Bd6 7. Bd3 0-0 8. 0-0 dxc4 9. Bxc4 a6 10. Ne4 Nxe4 11. Qxe4 Qe7 12. Bb3 e5 13. Qh4 Qxh4 14. Nxh4 Nf6 15. dxe5 Bxe5 16. Nf3 Bc7 17. Bd2 Ne4 18. Bb4 Re8 19. Rfd1 c5 20. Be1 b6 21. Rac1 Ra7 22. h3 h6 23. Bc2 a5 24. Ba4 Re7 25. Bc6 Bb7 26. Bb5 Ra8 27. a3 Nd6 28. Be2 a4 29. Bc3 Ne4 30. Bb5 Nd6 31. Be2 Ne4 32. Bb5 1/2-1/2

[Event "Najdorf Memorial op-A"]
[Site "Grodzisk Mazowiecki"]
[Date "2007.07.21"]
[Round "2"]
[White "Sarwinski, Miroslaw"]
[Black "Sliwerski, Radoslaw"]
[Result "0-1"]
[WhiteElo "2313"]
[BlackElo "2139"]
[PlyCount "40"]
[EventDate "2007.07.20"]
[EventType "swiss"]
[EventRounds "9"]
[EventCountry "POL"]
[SourceTitle "CBM 119 Extra"]
[Source "ChessBase"]
[SourceDate "2007.09.04"]
[SourceVersion "1"]
[SourceVersionDate "2007.09.04"]
[SourceQuality "1"]

1. d4 Nf6 2. c4 e6 3. Nc3 Bb4 4. Nf3 c5 5. g3 Nc6 6. Bg2 Ne4 7. Bd2 Bxc3 8. bxc3 0-0 9. 0-0 f5 10. Bf4 g5 11. Be3 g4 12. Ne1 Nxc3 13. Qd2 Nxd4 14. Bxd4 cxd4 15. Nc2 Qc7 16. Nxd4 Qxc4 17. Rfe1 Nb5 18. Qg5+ Kh8 19. Qe7 Kg8 20. Qg5+ Kh8 0-1

[Event "Milanowek-ch 13th"]
[Site "Milanowek"]
[Date "2007.06.28"]
[Round "4"]
[White "Adamski, Jan"]
[Black "Sarwinski, Miroslaw"]
[Result "1/2-1/2"]
[WhiteElo "2354"]
[BlackElo "2313"]
[PlyCount "33"]
[EventDate "2007.06.25"]
[EventType "swiss"]
[EventRounds "9"]
[EventCountry "POL"]
[SourceTitle "EXT 2011"]
[Source "ChessBase"]
[SourceDate "2010.11.26"]
[SourceVersion "1"]
[SourceVersionDate "2010.11.26"]
[SourceQuality "1"]

1. c4 Nf6 2. Nf3 e6 3. g3 b6 4. Bg2 Bb7 5. 0-0 Be7 6. d4 0-0 7. Nc3 Ne4 8. Bd2 Nxc3 9. Bxc3 d5 10. cxd5 exd5 11. Ne5 Nd7 12. Qb3 Nf6 13. Rfd1 Bd6 14. Bb4 Re8 15. Bxd6 Qxd6 16. e3 c5 17. Qa3 1/2-1/2

[Event "Milanowek-ch 13th"]
[Site "Milanowek"]
[Date "2007.06.25"]
[Round "1"]
[White "Sarwinski, Miroslaw"]
[Black "Moskwinski, Marek"]
[Result "1-0"]
[WhiteElo "2313"]
[BlackElo "1878"]
[PlyCount "63"]
[EventDate "2007.06.25"]
[EventType "swiss"]
[EventRounds "9"]
[EventCountry "POL"]
[SourceTitle "EXT 2011"]
[Source "ChessBase"]
[SourceDate "2010.11.26"]
[SourceVersion "1"]
[SourceVersionDate "2010.11.26"]
[SourceQuality "1"]

1. d4 d5 2. c4 c6 3. Nc3 Nf6 4. Nf3 e6 5. Qb3 Qb6 6. c5 Qxb3 7. axb3 Nbd7 8. b4 b6 9. Bf4 Be7 10. e3 Bb7 11. Ba6 Bxa6 12. Rxa6 0-0 13. 0-0 Nh5 14. Rfa1 Nxf4 15. exf4 bxc5 16. bxc5 Bf6 17. Rxa7 Rxa7 18. Rxa7 Rd8 19. g3 h6 20. b4 Nb8 21. Rb7 Na6 22. Rb6 Ra8 23. Ne5 Bd8 24. Rb7 Rb8 25. Rxf7 Nxb4 26. Ra7 Bf6 27. Nd7 Re8 28. Ne2 Nc2 29. Kf1 h5 30. Ra2 Nb4 31. Rb2 Na6 32. Rb6 1-0

[Event "Bydgoszcz op-A"]
[Site "Bydgoszcz"]
[Date "2001.05.05"]
[Round "8"]
[White "Lagowski, Patryk"]
[Black "Sarwinski, Miroslaw"]
[Result "1-0"]
[WhiteElo "2328"]
[BlackElo "2374"]
[PlyCount "93"]
[EventDate "2001.04.27"]
[EventType "swiss"]
[EventRounds "9"]
[EventCountry "POL"]
[SourceTitle "CBM 082 Extra"]
[Source "ChessBase"]
[SourceDate "2001.07.03"]
[SourceVersion "1"]
[SourceVersionDate "2001.07.03"]
[SourceQuality "1"]

1. d4 Nf6 2. c4 e6 3. g3 Bb4+ 4. Bd2 Qe7 5. Bg2 0-0 6. Nf3 Bxd2+ 7. Nbxd2 c5 8. 0-0 Nc6 9. dxc5 Qxc5 10. Rc1 b6 11. Nb3 Qe7 12. Nfd4 Bb7 13. Nb5 d5 14. cxd5 Nxd5 15. N3d4 Nxd4 16. Qxd4 Rfd8 17. Qe5 f6 18. Qe4 Rd7 19. Qh4 g6 20. a3 e5 21. Qc4 Kg7 22. e4 a6 23. exd5 axb5 24. Qxb5 Qd8 25. Rfd1 Ra5 26. Qd3 Ra4 27. b4 Ra7 28. h4 Rd6 29. Qb3 Ba8 30. Rc3 Rad7 31. Rcd3 f5 32. a4 e4 33. Rd4 Rxd5 34. Rxd5 Rxd5 35. Rxd5 Bxd5 36. Qc3+ Kf7 37. Bf1 Be6 38. a5 bxa5 39. bxa5 Ke7 40. a6 Bd5 41. Qc5+ Qd6 42. Qd4 Bf7 43. Qc3 Qb6 44. Qe5+ Qe6 45. Qb5 Qd7 46. Qb4+ Kd8 47. Bb5 1-0

[Event "Bydgoszcz op-A"]
[Site "Bydgoszcz"]
[Date "2001.05.03"]
[Round "6"]
[White "Sarwinski, Miroslaw"]
[Black "Poluljahov, Aleksandr"]
[Result "0-1"]
[WhiteElo "2374"]
[BlackElo "2502"]
[PlyCount "66"]
[EventDate "2001.04.27"]
[EventType "swiss"]
[EventRounds "9"]
[EventCountry "POL"]
[SourceTitle "CBM 082 Extra"]
[Source "ChessBase"]
[SourceDate "2001.07.03"]
[SourceVersion "1"]
[SourceVersionDate "2001.07.03"]
[SourceQuality "1"]

1. d4 Nf6 2. c4 c5 3. e3 cxd4 4. exd4 d5 5. Nc3 e6 6. Nf3 Bb4 7. Bd3 0-0 8. 0-0 dxc4 9. Bxc4 a6 10. Bg5 b5 11. Bd3 Bb7 12. Ne4 Nbd7 13. Rc1 h6 14. Bh4 Rc8 15. Rxc8 Qxc8 16. Nxf6+ Nxf6 17. Ne5 Be7 18. Bc2 Rd8 19. Kh1 Rd6 20. f3 Qd8 21. Bf2 Nd5 22. Qd3 f5 23. Bb3 Bf6 24. Re1 Bh4 25. g3 Bf6 26. Kg1 Ne7 27. a4 Bd5 28. axb5 axb5 29. Rc1 Bxe5 30. dxe5 Rd7 31. Kg2 Kf7 32. Rc5 Be4 33. Qe2 Rd2 0-1

[Event "Bydgoszcz op-A"]
[Site "Bydgoszcz"]
[Date "2001.04.27"]
[Round "1"]
[White "Maslowski, Jakub"]
[Black "Sarwinski, Miroslaw"]
[Result "0-1"]
[WhiteElo "2051"]
[BlackElo "2374"]
[PlyCount "124"]
[EventDate "2001.04.27"]
[EventType "swiss"]
[EventRounds "9"]
[EventCountry "POL"]
[SourceTitle "CBM 082 Extra"]
[Source "ChessBase"]
[SourceDate "2001.07.03"]
[SourceVersion "1"]
[SourceVersionDate "2001.07.03"]
[SourceQuality "1"]

1. e4 e5 2. Nf3 Nf6 3. Nxe5 d6 4. Nf3 Nxe4 5. c3 Nc6 6. d4 d5 7. Bd3 Bd6 8. Nbd2 0-0 9. 0-0 Bf5 10. Qc2 Re8 11. Re1 Nxd2 12. Bxd2 Bxd3 13. Qxd3 h6 14. Qf5 Ne7 15. Qg4 Qc8 16. Qxc8 Raxc8 17. Ne5 c5 18. dxc5 Bxc5 19. Nd3 Bb6 20. Be3 Bxe3 21. Rxe3 Nf5 22. Rxe8+ Rxe8 23. Re1 Rd8 24. Nc5 d4 25. cxd4 Rxd4 26. Nb3 Rb4 27. Rd1 g6 28. h3 b6 29. Rd2 Rc4 30. Kf1 h5 31. Ke2 h4 32. Kd3 Rb4 33. Kc3 Rf4 34. f3 Ne3 35. Kd3 Nd5 36. Ke2 Rf5 37. Kf2 Nf4 38. Nd4 Rg5 39. Kf1 Rd5 40. Nb3 Rb5 41. Nd4 Ra5 42. a3 Rd5 43. Kf2 Rg5 44. Kf1 a5 45. Nc2 Rc5 46. Ne3 Kg7 47. Rd4 g5 48. b4 Rc3 49. Nf5+ Kf6 50. Nd6 Rxa3 51. bxa5 Ra1+ 52. Kf2 Ra2+ 53. Kf1 bxa5 54. Ne4+ Ke5 55. Rc4 Nxg2 56. Rc5+ Kf4 57. Nxg5 f5 58. Ne6+ Kg3 59. Nd4 Ne3+ 60. Ke1 Kxh3 61. Rc3 f4 62. Ne2 Ra1+ 0-1

[Event "POL-ch sf"]
[Site "Polanczyk"]
[Date "2000.11.09"]
[Round "6"]
[White "Sarwinski, Miroslaw"]
[Black "Markiewicz, Jacek"]
[Result "1-0"]
[WhiteElo "2372"]
[BlackElo "2222"]
[PlyCount "119"]
[EventDate "2000.11.04"]
[EventType "swiss"]
[EventRounds "9"]
[EventCountry "POL"]
[SourceTitle "CBM 079 Extra"]
[Source "ChessBase"]
[SourceDate "2001.01.11"]
[SourceVersion "2"]
[SourceVersionDate "2001.01.25"]
[SourceQuality "1"]

1. d4 d5 2. Nf3 Nf6 3. g3 e6 4. Bg2 c5 5. 0-0 Nc6 6. b3 cxd4 7. Nxd4 Be7 8. c4 Nxd4 9. Qxd4 0-0 10. Bb2 dxc4 11. Qxc4 Nd7 12. Rd1 Bf6 13. Bxf6 Qxf6 14. Nd2 Nb6 15. Qd3 Rb8 16. Ne4 Qe7 17. Qd6 Qxd6 18. Nxd6 g6 19. Rac1 Rd8 20. Rd3 Nd5 21. Nxf7 Kxf7 22. e4 Nc3 23. Rdxc3 Bd7 24. e5 Ke7 25. h4 Bb5 26. Rc7+ Rd7 27. Rxd7+ Kxd7 28. Rd1+ Ke7 29. Rc1 Kd7 30. Be4 Bc6 31. Bxc6+ bxc6 32. f4 h5 33. Kf2 Rb6 34. g4 Ra6 35. Rc2 Ke7 36. gxh5 gxh5 37. Ke3 Ra5 38. Ke4 Kf7 39. f5 exf5+ 40. Kxf5 Ra6 41. Rd2 Ke7 42. Rg2 c5 43. Rg7+ Kf8 44. Rc7 Rxa2 45. Rxc5 Rb2 46. Rc8+ Ke7 47. Rc7+ Ke8 48. Rxa7 Rxb3 49. Rh7 Rb6 50. Rxh5 Kf7 51. Rh7+ Kg8 52. Ra7 Rh6 53. h5 Kf8 54. Kg5 Re6 55. h6 Kg8 56. Ra8+ Kh7 57. Kf5 Rxh6 58. e6 Rh5+ 59. Kf6 Rh6+ 60. Kf7 1-0

[Event "POL-ch sf"]
[Site "Polanczyk"]
[Date "2000.11.06"]
[Round "3"]
[White "Krysztofiak, Marcin"]
[Black "Sarwinski, Miroslaw"]
[Result "1/2-1/2"]
[WhiteElo "2230"]
[BlackElo "2372"]
[PlyCount "83"]
[EventDate "2000.11.04"]
[EventType "swiss"]
[EventRounds "9"]
[EventCountry "POL"]
[SourceTitle "CBM 079 Extra"]
[Source "ChessBase"]
[SourceDate "2001.01.11"]
[SourceVersion "2"]
[SourceVersionDate "2001.01.25"]
[SourceQuality "1"]

1. d4 Nf6 2. Nf3 e6 3. Bf4 b6 4. e3 Bb7 5. Nbd2 Be7 6. h3 0-0 7. Bd3 d5 8. 0-0 Nbd7 9. Qe2 c5 10. c3 c4 11. Bc2 b5 12. e4 dxe4 13. Nxe4 Nxe4 14. Bxe4 Bxe4 15. Qxe4 Nf6 16. Qe2 Nd5 17. Bg3 Bd6 18. a4 Bxg3 19. fxg3 a6 20. Ne5 f6 21. Ng4 Qd6 22. Rfe1 Rae8 23. axb5 axb5 24. Kh2 Rf7 25. Ne3 Rfe7 26. Qf3 Nc7 27. Ra7 Nd5 28. Ra5 Nxe3 29. Rxe3 Qb6 30. Ra8 Rxa8 31. Qxa8+ Kf7 32. Re1 Re8 33. Qe4 g6 34. Ra1 Re7 35. Qa8 Kg7 36. Ra6 Qc7 37. Rc6 Qd7 38. Qa6 e5 39. Rxf6 exd4 40. Rf4 Re6 41. Rxd4 Rxa6 42. Rxd7+ 1/2-1/2

[Event "POL-ch sf"]
[Site "Polanczyk"]
[Date "2000.11.05"]
[Round "2"]
[White "Sarwinski, Miroslaw"]
[Black "Stopa, Jacek"]
[Result "1-0"]
[WhiteElo "2372"]
[BlackElo "2056"]
[PlyCount "80"]
[EventDate "2000.11.04"]
[EventType "swiss"]
[EventRounds "9"]
[EventCountry "POL"]
[SourceTitle "CBM 079 Extra"]
[Source "ChessBase"]
[SourceDate "2001.01.11"]
[SourceVersion "2"]
[SourceVersionDate "2001.01.25"]
[SourceQuality "1"]

1. d4 Nf6 2. c4 c5 3. e3 cxd4 4. exd4 g6 5. Nc3 Bg7 6. Nf3 0-0 7. Bg5 d6 8. Be2 h6 9. Bh4 Nbd7 10. 0-0 b6 11. Re1 Bb7 12. d5 Rc8 13. Nd4 a6 14. Rc1 Re8 15. b3 Nc5 16. b4 Ncd7 17. a4 Ne5 18. Nb1 Ned7 19. Qd2 Kh7 20. Bf1 a5 21. b5 Nc5 22. Nc3 Qd7 23. Rcd1 Qg4 24. Bg3 Nfe4 25. Nxe4 Nxe4 26. Qe3 Nc5 27. h3 Qd7 28. Qa3 e5 29. dxe6 fxe6 30. Nf3 d5 31. Ne5 Bxe5 32. Bxe5 Qf7 33. cxd5 Bxd5 34. Rd4 Qg8 35. Qg3 Nd7 36. Bd6 Qg7 37. Rg4 Nf8 38. Bd3 Qc3 39. Rf1 h5 40. Rg5 Bc4 1-0

[Event "POL-chT 56th"]
[Site "Zakopane"]
[Date "2000.09.10"]
[Round "8"]
[White "Kuczynski, Robert"]
[Black "Sarwinski, Miroslaw"]
[Result "1-0"]
[WhiteElo "2479"]
[BlackElo "2372"]
[PlyCount "49"]
[EventDate "2000.09.02"]
[EventType "team-tourn"]
[EventRounds "11"]
[EventCountry "POL"]
[SourceTitle "EXT 2019"]
[Source "ChessBase"]
[SourceDate "2018.10.10"]
[SourceVersion "1"]
[SourceVersionDate "2018.10.10"]
[SourceQuality "1"]
[WhiteTeam "Warszawa Polonia"]
[BlackTeam "Plock PTSz"]
[WhiteTeamCountry "POL"]
[BlackTeamCountry "POL"]

1. e4 e5 2. Nf3 Nc6 3. Bc4 Bc5 4. c3 Nf6 5. d3 d6 6. 0-0 0-0 7. Nbd2 a6 8. Bb3 b5 9. Re1 Be6 10. Nf1 Bxb3 11. Qxb3 Re8 12. Ng3 h6 13. h3 d5 14. exd5 Nxd5 15. d4 Na5 16. Qc2 exd4 17. Rxe8+ Qxe8 18. b4 Bxb4 19. cxb4 Nxb4 20. Qf5 Rd8 21. Qg4 Rd6 22. Bd2 Nac6 23. Re1 Qd7 24. Nf5 g6 25. Nxd6 1-0

[Event "POL-chT 56th"]
[Site "Zakopane"]
[Date "2000.09.09"]
[Round "7"]
[White "Sarwinski, Miroslaw"]
[Black "Stein, Marcin"]
[Result "1-0"]
[WhiteElo "2372"]
[BlackElo "2125"]
[PlyCount "75"]
[EventDate "2000.09.02"]
[EventType "team-tourn"]
[EventRounds "11"]
[EventCountry "POL"]
[SourceTitle "EXT 2019"]
[Source "ChessBase"]
[SourceDate "2018.10.10"]
[SourceVersion "1"]
[SourceVersionDate "2018.10.10"]
[SourceQuality "1"]
[WhiteTeam "Plock PTSz"]
[BlackTeam "Glogow MOK Chrobry"]
[WhiteTeamCountry "POL"]
[BlackTeamCountry "POL"]

1. d4 d5 2. c4 c6 3. Nf3 Nf6 4. Qc2 e6 5. g3 Nbd7 6. Bg2 Bd6 7. 0-0 0-0 8. Nbd2 Qe7 9. Re1 h6 10. e4 dxe4 11. Nxe4 Nxe4 12. Qxe4 Nf6 13. Qh4 Qd8 14. Bd2 Be7 15. Rad1 Qb6 16. b3 Nd5 17. Qe4 Nf6 18. Qc2 Bd7 19. b4 Rfd8 20. Rb1 Be8 21. Bf4 Rdc8 22. Qd2 Kh7 23. Ne5 Bf8 24. a4 Nd7 25. c5 Qd8 26. Nc4 Nf6 27. Bd6 Bxd6 28. Nxd6 Rc7 29. b5 Nd5 30. a5 b6 31. axb6 axb6 32. Nxe8 Qxe8 33. bxc6 Qxc6 34. Rxb6 Qa4 35. Rd6 Qc4 36. Rc1 Qb3 37. Bxd5 exd5 38. Qc2+ 1-0

[Event "POL-chT 56th"]
[Site "Zakopane"]
[Date "2000.09.08"]
[Round "6"]
[White "Anuszkiewicz, Konrad"]
[Black "Sarwinski, Miroslaw"]
[Result "0-1"]
[WhiteElo "2195"]
[BlackElo "2372"]
[PlyCount "116"]
[EventDate "2000.09.02"]
[EventType "team-tourn"]
[EventRounds "11"]
[EventCountry "POL"]
[SourceTitle "EXT 2019"]
[Source "ChessBase"]
[SourceDate "2018.10.10"]
[SourceVersion "1"]
[SourceVersionDate "2018.10.10"]
[SourceQuality "1"]
[WhiteTeam "Suwalki Hancza"]
[BlackTeam "Plock PTSz"]
[WhiteTeamCountry "POL"]
[BlackTeamCountry "POL"]

1. d4 Nf6 2. c4 e6 3. Nc3 Bb4 4. e3 c5 5. Bd3 0-0 6. Nf3 Nc6 7. 0-0 d6 8. Qc2 Bxc3 9. Qxc3 e5 10. dxe5 Nxe5 11. Be2 Bg4 12. Rd1 Nxf3+ 13. gxf3 Bh5 14. Qd3 Ne8 15. Qf5 Bg6 16. Qf4 Qe7 17. b3 Rd8 18. Bb2 f5 19. Bf1 Nc7 20. Re1 Ne6 21. Qg3 f4 22. exf4 Qf7 23. f5 Bxf5 24. Rad1 Qg6 25. Qxg6 hxg6 26. Rd2 Ng5 27. Bg2 Bh3 28. Re7 Rf7 29. Rxf7 Kxf7 30. f4 Bxg2 31. fxg5 Bf3 32. Rd3 Be4 33. Re3 Bf5 34. f4 a6 35. Re2 b5 36. Rd2 Rd7 37. cxb5 axb5 38. a3 Ke6 39. Kf2 Rb7 40. b4 c4 41. Ke3 Rc7 42. Bc3 Ra7 43. Bb2 Bd3 44. Kd4 Kf5 45. Bc1 Re7 46. Kd5 Re6 47. Rf2 Be4+ 48. Kd4 Bc6 49. Kc3 Re1 50. Kd2 Re4 51. Bb2 d5 52. Bxg7 d4 53. Be5 Ke6 54. h4 Kd5 55. h5 gxh5 56. g6 c3+ 57. Kc2 Kc4 58. Rh2 Re1 0-1

[Event "POL-chT 56th"]
[Site "Zakopane"]
[Date "2000.09.05"]
[Round "4"]
[White "Zaskalski, Arkadiusz"]
[Black "Sarwinski, Miroslaw"]
[Result "0-1"]
[WhiteElo "2211"]
[BlackElo "2372"]
[PlyCount "114"]
[EventDate "2000.09.02"]
[EventType "team-tourn"]
[EventRounds "11"]
[EventCountry "POL"]
[SourceTitle "EXT 2019"]
[Source "ChessBase"]
[SourceDate "2018.10.10"]
[SourceVersion "1"]
[SourceVersionDate "2018.10.10"]
[SourceQuality "1"]
[WhiteTeam "Rolnik Roza"]
[BlackTeam "Plock PTSz"]
[WhiteTeamCountry "POL"]
[BlackTeamCountry "POL"]

1. c4 Nf6 2. Nf3 e6 3. g3 b6 4. Bg2 Bb7 5. Nc3 Bb4 6. 0-0 0-0 7. a3 Bxc3 8. bxc3 d6 9. d3 Re8 10. e4 Nbd7 11. Nh4 d5 12. exd5 exd5 13. Bg5 h6 14. Be3 Ne5 15. Re1 Neg4 16. Bd2 Qd7 17. h3 Rxe1+ 18. Qxe1 Re8 19. Qf1 Ne5 20. f4 Nc6 21. cxd5 Nxd5 22. Re1 Rxe1 23. Qxe1 Nf6 24. d4 Na5 25. Bxb7 Nxb7 26. f5 Nd6 27. g4 Nde4 28. Nf3 Qd5 29. Qe3 Qb3 30. Ne5 Qxa3 31. h4 Qa2 32. Be1 Qb1 33. c4 Nd6 34. c5 bxc5 35. dxc5 Qe4 36. Qxe4 Ndxe4 37. c6 Nd5 38. Kg2 Kf8 39. Kf3 Nd6 40. Nd7+ Ke7 41. Nc5 Nb5 42. Nb7 a6 43. Bf2 Ke8 44. Ke4 Ne7 45. Na5 Nd6+ 46. Ke5 f6+ 47. Kd4 h5 48. gxh5 Nexf5+ 49. Kd5 Kf7 50. Be1 Ne3+ 51. Kc5 Nc2 52. Bc3 Ne4+ 53. Kc4 Na3+ 54. Kd3 Nxc3 55. Kxc3 Ke6 56. Kb4 Nb5 57. Kc5 f5 0-1

[Event "Swidnica op-A"]
[Site "Swidnica"]
[Date "2000.??.??"]
[Round "9"]
[White "Sarwinski, Miroslaw"]
[Black "Swicarz, Maciej"]
[Result "1-0"]
[WhiteElo "2380"]
[BlackElo "2230"]
[PlyCount "75"]
[EventDate "2000.07.??"]
[EventType "swiss"]
[EventRounds "10"]
[EventCountry "POL"]
[SourceTitle "EXT 2003"]
[Source "ChessBase"]
[SourceDate "2002.11.25"]
[SourceVersion "1"]
[SourceVersionDate "2002.11.25"]
[SourceQuality "1"]

1. d4 d6 2. Nf3 f5 3. g3 Nf6 4. Bg2 g6 5. 0-0 Bg7 6. c3 0-0 7. Qb3+ e6 8. Nbd2 c6 9. Re1 d5 10. Ne5 Nfd7 11. Nd3 b6 12. Nf3 Ba6 13. Bf4 h6 14. Rac1 Kh7 15. Qa3 Re8 16. b3 g5 17. Bd6 Bb7 18. c4 g4 19. Nfe5 Nxe5 20. Nxe5 Nd7 21. cxd5 Nxe5 22. dxc6 Nxc6 23. Bxc6 Bxc6 24. Rxc6 Bxd4 25. Rec1 Kg6 26. Qa4 Bb2 27. R1c2 Bg7 28. e4 Bf6 29. Qc4 h5 30. h4 a6 31. Kh2 b5 32. Qd3 Ra7 33. Qe3 Rd7 34. exf5+ exf5 35. Be5 Rxe5 36. Qxe5 Rf7 37. Qf4 Kg7 38. Qxf5 1-0